| 000 | 02165nam a2200385 a 4500 | ||
|---|---|---|---|
| 001 | ebr10683031 | ||
| 003 | CaPaEBR | ||
| 006 | m u | ||
| 007 | cr cn||||||||| | ||
| 008 | 110923s2012 nyua sb 001 0 eng d | ||
| 010 | _z 2011039204 | ||
| 020 | _z9781621008330 (hardcover) | ||
| 020 | _z9781621008811 (e-book) | ||
| 040 |
_aCaPaEBR _cCaPaEBR |
||
| 035 | _a(OCoLC)846962536 | ||
| 050 | 1 | 4 |
_aRC124 _b.M46 2012eb |
| 082 | 0 | 4 |
_a616.82 _223 |
| 245 | 0 | 0 |
_aMeningitis _h[electronic resource] : _bcauses, diagnosis and treatment / _cGrigoris Houllis and Magdalini Karachalios, editors. |
| 260 |
_aHauppauge, N.Y. : _bNova Science Publishers, _cc2012. |
||
| 300 |
_axiv, 288 p. : _bill. |
||
| 490 | 1 | _aNeuroscience research progress | |
| 490 | 1 | _aNeurology - laboratory and clinical research developments | |
| 504 | _aIncludes bibliographical references and index. | ||
| 505 | 0 | _aBacterial meningitis : molecular diagnosis and epidemiological typing : a review / Ziad W. Jaradat -- Meningitis : causes, diagnosis, and treatment / Rewati Raman Sharma, Apollina Sharma -- Meningitis associated with autoimmune diseases / Masakazu Nakamura ... [et al.] -- Meningitis : causes, diagnosis, and treatment / Sandip K. Dash ... [et al.] -- Bacterial meningitis : novel dissemination and invasion routes / Aristotelis S. Filippidis ... [et al.] -- Contemporary management of nosocomial bacterial meningitis in neurosurgical practice / Moncef Berhouma -- Mollaret's meningitis / Poulikakos Panagiotis. | |
| 533 |
_aElectronic reproduction. _bPalo Alto, Calif. : _cebrary, _d2013. _nAvailable via World Wide Web. _nAccess may be limited to ebrary affiliated libraries. |
||
| 650 | 0 |
_aMeningitis _xDiagnosis. |
|
| 650 | 0 |
_aMeningitis _xTreatment. |
|
| 655 | 7 |
_aElectronic books. _2local |
|
| 700 | 1 | _aHoullis, Grigoris. | |
| 700 | 1 | _aKarachalios, Magdalini. | |
| 710 | 2 | _aebrary, Inc. | |
| 830 | 0 | _aNeuroscience research progress series. | |
| 830 | 0 | _aNeurology--laboratory and clinical research development series. | |
| 856 | 4 | 0 |
_uhttp://site.ebrary.com/lib/rucke/Doc?id=10683031 _zAn electronic book accessible through the World Wide Web; click to view |
| 999 |
_c32324 _d32324 |
||